Načítá se...

International management behaviour

Podrobná bibliografie
Hlavní autor: Lane, Heny W.
Další autoři: Distefano, Joseph J., Maznerski, Martha L.
Médium: Printed Book
Jazyk:English
Vydáno: Oxford Blackwell 1997
Vydání:3rd ed.
Témata:
LEADER 00661nam a22002057a 4500
005 20151215125148.0
008 091105t xxu||||| |||| 00| 0 eng d
082 |a 658.049  |b LAN 
100 |a Lane, Heny W.  |9 7322 
245 |a International management behaviour 
250 |a 3rd ed. 
300 |a 528p. 
653 |a Organizational behaviour 
700 |a Distefano, Joseph J.  |9 7320 
700 |a Maznerski, Martha L.  |9 7321 
942 |c BK  |6 _ 
260 |a Oxford  |b Blackwell  |c 1997 
020 |a 1557869855 
999 |c 98459  |d 98459 
952 |0 0  |1 0  |2 ddc  |4 0  |6 658049_LAN  |7 0  |9 124058  |a SMS  |b SMS  |c GEN  |d 2009-11-05  |l 1  |o 658.049 LAN  |p SMS021122  |r 2010-10-19  |s 2010-10-12  |w 2009-11-05  |y BK